000 00871nam a22002657a 4500
003 CHAP
005 20220329140520.0
008 971013s r 00010 d
010 _a53186
011 _a54158
035 _a58308
040 _cCHAP
090 _aR-461
100 0 0 _aWatson, Joyce.
_9121207
245 _aMineral and nitrogen status of dougherty apple leaves and fruit under different fertilizer treatments
500 _aSobretiro de: New Zealand Journal of Science and Technolgy. A. 33(4):66-70, 1951
590 _aBATCH-UPD
_b10
_c20130110
_lUCH01
_h0506
590 _aBATCH-UPD
_b10
_c20130410
_lUCH01
_h0144
590 _aBATCH-UPD
_b10
_c20130914
_lUCH01
_h1745
590 _aCONVERSION
_b10
_c20130109
_lUCH01
_h1329
650 1 4 _aManzana
_xNitrĂ³geno en.
_970789
901 _aBK
942 _cREIMP
949 _aR-461
_bBC
_cR
_d-126610
_eTS1
_i58308
_si
999 _c53186
_d53186